<?xml version="1.0" encoding="UTF-8"?>
<record
    xmlns:xsi="http://www.w3.org/2001/XMLSchema-instance"
    xsi:schemaLocation="http://www.loc.gov/MARC21/slim http://www.loc.gov/standards/marcxml/schema/MARC21slim.xsd"
    xmlns="http://www.loc.gov/MARC21/slim">

  <leader>00185nam a22000737a 4500</leader>
  <datafield tag="999" ind1=" " ind2=" ">
    <subfield code="c">23940</subfield>
    <subfield code="d">23940</subfield>
  </datafield>
  <controlfield tag="003">Nust</controlfield>
  <controlfield tag="005">20170612133308.0</controlfield>
  <controlfield tag="008">140425b        xxu||||| |||| 00| 0 eng d</controlfield>
  <datafield tag="040" ind1=" " ind2=" ">
    <subfield code="a">DLC</subfield>
    <subfield code="b">DLC</subfield>
    <subfield code="c">RCMS</subfield>
  </datafield>
  <datafield tag="050" ind1=" " ind2=" ">
    <subfield code="a">621.38221 PRO</subfield>
  </datafield>
  <datafield tag="082" ind1=" " ind2=" ">
    <subfield code="2">4th Ed.</subfield>
    <subfield code="a">621.38221 PRO</subfield>
  </datafield>
  <datafield tag="100" ind1=" " ind2=" ">
    <subfield code="a">John G. Proakis</subfield>
    <subfield code="9">2461</subfield>
  </datafield>
  <datafield tag="245" ind1=" " ind2=" ">
    <subfield code="a">Digital Communication </subfield>
    <subfield code="c">John G. Proakis</subfield>
  </datafield>
  <datafield tag="300" ind1=" " ind2=" ">
    <subfield code="a">xxi, 1002 p. ;</subfield>
    <subfield code="b">ill, ;</subfield>
    <subfield code="c">26 cm.</subfield>
  </datafield>
  <datafield tag="538" ind1=" " ind2=" ">
    <subfield code="i">Shelf # 15, Row # 2, Communication.</subfield>
  </datafield>
  <datafield tag="650" ind1=" " ind2=" ">
    <subfield code="a">Digital Communication</subfield>
    <subfield code="9">718</subfield>
  </datafield>
  <datafield tag="856" ind1=" " ind2=" ">
    <subfield code="3">Table of contents only</subfield>
    <subfield code="u">http://www.loc.gov/catdir/toc/ecip0716/2007017469.html</subfield>
  </datafield>
  <datafield tag="942" ind1=" " ind2=" ">
    <subfield code="2">ddc</subfield>
    <subfield code="c">BK</subfield>
    <subfield code="h">621.38221 PRO</subfield>
  </datafield>
  <datafield tag="952" ind1=" " ind2=" ">
    <subfield code="0">0</subfield>
    <subfield code="1">0</subfield>
    <subfield code="2">ddc</subfield>
    <subfield code="4">0</subfield>
    <subfield code="7">0</subfield>
    <subfield code="a">NQC</subfield>
    <subfield code="b">NQC</subfield>
    <subfield code="c">GEN</subfield>
    <subfield code="d">2014-04-25</subfield>
    <subfield code="l">1</subfield>
    <subfield code="m">1</subfield>
    <subfield code="o">621.38221PRO</subfield>
    <subfield code="p">RCMS000353</subfield>
    <subfield code="r">2022-07-18</subfield>
    <subfield code="s">2021-04-19</subfield>
    <subfield code="w">2014-04-25</subfield>
    <subfield code="y">BK</subfield>
  </datafield>
  <datafield tag="952" ind1=" " ind2=" ">
    <subfield code="0">0</subfield>
    <subfield code="1">0</subfield>
    <subfield code="2">ddc</subfield>
    <subfield code="4">0</subfield>
    <subfield code="7">0</subfield>
    <subfield code="a">NQC</subfield>
    <subfield code="b">NQC</subfield>
    <subfield code="c">GEN</subfield>
    <subfield code="d">2014-04-25</subfield>
    <subfield code="l">2</subfield>
    <subfield code="o">621.38221PRO</subfield>
    <subfield code="p">RCMS000354</subfield>
    <subfield code="r">2017-10-16</subfield>
    <subfield code="s">2017-10-10</subfield>
    <subfield code="w">2014-04-25</subfield>
    <subfield code="y">BK</subfield>
  </datafield>
</record>
